Giáo trình lịch sử ngữ âm tiếng Việt : Sơ thảo /

Đã lưu trong:
書目詳細資料
主要作者: Nguyễn Tài Cẩn
格式: Sách giấy
語言:Vietnamese
出版: Hà Nội : Giáo dục , 1997
標簽: 添加標簽
沒有標簽, 成為第一個標記此記錄!
Thư viện lưu trữ: Thư viện Trường Đại học Đà Lạt
LEADER 00630nam a2200253 4500
001 DLU020014760
005 ##7/7/2000
020 # # |a 978- 
041 # # |a vie 
082 # # |a 495.922 15  |b NG-C 
090 # # |a 495.922 15  |b NG-C 
100 # # |a Nguyễn Tài Cẩn 
245 # # |a Giáo trình lịch sử ngữ âm tiếng Việt :  |b Sơ thảo /  |c Nguyễn Tài Cẩn 
260 # # |a Hà Nội :  |b Giáo dục ,  |c 1997 
300 # # |a 349 tr.;   |c 20 cm. 
992 # # |a 14300 
994 # # |a DLU 
900 # # |a False 
911 # # |a Administrator 
925 # # |a G 
926 # # |a A 
927 # # |a SH 
980 # # |a Thư viện Trường Đại học Đà Lạt